| 000 | | | 03809nmc2a22000003x 450 |
| 001 | | | fbbb78e7-7985-45e3-91e7-7d6b46f68764 |
| 005 | | | 20180619145027.0 |
| 100 | ## | $a | 20160322l18671868k l0rusy0189 ca |
| 101 | 0# | $a | rus |
| 102 | ## | $a | RU |
| 200 | 1# | $a | Дело о приобретении библиотеки дворянина Полторацкого. Тут же о покупке у него, для Московского публичного и Румянцевского музеев, коллекции ведомостей времен Петра Великого |
| | $j | 19 июля 1867 г. - 15 июля 1868 г. |
| 251 | ## | $c | Дело |
| 300 | ## | $a | Дело |
| 801 | #0 | $a | RU |
| | $b | РГИА |
| | $c | 20160322 |
| | $g | RCR |
| 801 | #1 | $a | RU |
| | $b | ГлавНИВЦ |
| | $c | 20160322 |
| | $2 | rusmarc |
| 801 | #2 | $a | RU |
| | $b | ПБ им. Б.Н. Ельцина |
| | $c | 20180619 |
| | $g | RCR |
| | $2 | rusmarc |
| 850 | ## | $a | РГИА |
| 852 | ## | $a | РГИА |
| | $e | Федеральное казенное учреждение "Российский государственный исторический архив" (РГИА) |
| | $j | 353 |
| 937 | ## | $h | РГИА |
| | $d | 12194070 |
| | $a | ASBIBLIO_SCAN |
| 462 | #0 | $1 | 001bddc07d4-03e3-4f2f-a715-f0b0b4a2fdca |
| | $1 | 2001 |
| | $a | Дела по ученым учреждениям Департамента народного просвещения за 1863-1895 гг. |
| | $1 | 251 |
| | $c | Опись |
| | $1 | 852 |
| | $j | 142 |
| 461 | #0 | $1 | 001a74412a3-3cc5-4d21-8f0a-dfe2fbd9e72d |
| | $1 | 2001 |
| | $a | Департамент народного просвещения Министерства народного просвещения (1803-1917) |
| | $1 | 251 |
| | $c | Фонд |
| | $1 | 852 |
| | $j | 733 |
| 215 | ## | $a | 23 л. |
| | $d | 36,5х26 см |
| 371 | ## | $a | Документ не является опубликованным и широко распространяемым |
| 105 | ## | $a | y### |
| 122 | 2# | $a | d |
| 035 | ## | $a | fbbb78e7-7985-45e3-91e7-7d6b46f68764 |
| 856 | ## | $u | http://readingroom.main.prlib.ru/item.aspx?id_node=n116214274&mode=full |